00620nam a22002177a 450000500170000001000130001702000100003003500130004003700160005304000120006908200150008124500670009624600060016326000380016927000420020730000370024965000430028665000310032970000210036070000210038120170124110240.0 aA-294610 c00.00 aA-294610 bCen Lib/Ret aDPLbEN a726.1bFAT aFatehpur-sikri /cedited by Michael Brand [and] Glenn D. Lowry b  aBombay bMarg Publications c1987 bBombay aMahatma gandhi road e400023 axii, 204p. :c32cm(Hb)bill. e  aMughal architecture -- Fatehpur-sikri  aMedival Indan architecture a Brand, Michael  a Lowry, Glenn D.